[Event "Vaxjospelen Gr 4"]
[Site "Vaxjo"]
[Date "2015.06.14"]
[Round "3"]
[White "Neretljak, Nedzad"]
[Black "Svensson, Anders"]
[Result "0-1"]
[WhiteElo "2040"]
[BlackElo "2133"]

1.e4 c5 2.Nf3 d6 3.d4 cxd4 4.Nxd4 Nf6 5.Nc3 a6 6.Bg5 e6 7.f4 Nbd7 8.Qf3 
Qc7 9.O-O-O Be7 10.g4 b5 11.a3 Rb8 12.Bxf6 Nxf6 13.g5 Nd7 14.Bh3 Nc5 15.
Rhe1 b4 16.axb4 Rxb4 17.Nf5 O-O 18.Nxg7 Kxg7 19.Qh5 Qa5 20.f5 Kh8 21.Re3 
Rg8 22.f6 Bxf6 23.Bf5 exf5 24.gxf6 f4 25.Rh3 Bxh3 26.Qxh3 Qa1+ 27.Kd2 Qxb2
28.Ne2 Nxe4+ 29.Ke1 Qxc2 0-1

[Event "Vaxjospelen Gr 5"]
[Site "Vaxjo"]
[Date "2015.06.14"]
[Round "3"]
[White "Bengtsson, Tage"]
[Black "Akvist, Hakan"]
[Result "0-1"]
[WhiteElo "2090"]
[BlackElo "2085"]

1.d4 Nf6 2.c4 e6 3.Nc3 Bb4 4.e3 O-O 5.Bd3 d5 6.Ne2 Nc6 7.O-O Be7 8.b3 Nb4 
9.Bb1 c5 10.cxd5 exd5 11.Bb2 b6 12.e4 dxe4 13.Nxe4 Bb7 14.N2g3 Nxe4 15.
Nxe4 f5 16.Ng3 Qd5 17.f3 cxd4 18.a3 Nc6 19.b4 Kh8 20.Ba2 Qd7 21.Re1 Bd6 
22.Be6 Qc7 23.b5 Ne7 24.Rc1 Bc5 25.Kh1 Qd6 26.Rc4 Rad8 27.Ra4 Bc8 28.Bxc8 
Nxc8 29.Qa1 Qd7 30.Nh5 Qxb5 31.Rxd4 Bxd4 32.Bxd4 Rf7 33.Nxg7 Kg8 34.Ne6 
Re8 35.Ng5 Rfe7 36.Qa2+ Kf8 37.Nxh7+ Rxh7 38.Rxe8+ Qxe8 0-1

[Event "Vaxjospelen Gr 5"]
[Site "Vaxjo"]
[Date "2015.06.14"]
[Round "3"]
[White "Pantano Tomaz, Tainan"]
[Black "Goransson, Martin"]
[Result "1-0"]
[WhiteElo "2039"]
[BlackElo "2012"]

1.c4 e5 2.Nc3 Nf6 3.g3 d5 4.cxd5 Nxd5 5.Bg2 Nb6 6.Nf3 Nc6 7.O-O Be7 8.a3 
O-O 9.b4 Be6 10.d3 f6 11.Be3 Nd4 12.Nd2 c6 13.Nce4 Nd5 14.Bxd4 exd4 15.Nb3
Bf7 16.Nxd4 Nxb4 17.Nf5 Nd5 18.Qc1 Re8 19.Rb1 Rb8 20.Nxe7+ Rxe7 21.Re1 Qa5
22.Qb2 Bh5 23.Rbc1 Rbe8 24.e3 Bf7 25.Nd6 Rb8 26.Nxf7 Rxf7 27.Qb3 Nb6 28.
Red1 g6 29.d4 Kg7 30.e4 Qa4 31.Qa2 Rc8 32.Bf3 Re7 33.h4 h5 34.Rd3 Rd7 35.
Qe6 c5 36.e5 Rxd4 37.exf6+ Kh8 38.Rxd4 Qxd4 39.Rd1 Qc3 40.Qe7 1-0

[Event "Vaxjospelen Gr 6"]
[Site "Vaxjo"]
[Date "2015.06.14"]
[Round "3"]
[White "Frisk, Hans"]
[Black "Liedbeck, Patrik"]
[Result "1/2-1/2"]
[WhiteElo "2013"]
[BlackElo "1986"]

1.Nf3 Nf6 2.b3 g6 3.Bb2 Bg7 4.g3 O-O 5.Bg2 d5 6.c4 c6 7.O-O Re8 8.e3 Bf5 
9.d4 Ne4 10.Nbd2 Nxd2 11.Qxd2 Nd7 12.cxd5 cxd5 13.Ne1 Nf6 14.f3 Rc8 15.Nd3
Qb6 16.Rfc1 Nd7 17.Rxc8 Rxc8 18.Rc1 Rxc1+ 19.Nxc1 h5 20.Bf1 Bf8 21.Bd3 
Bxd3 22.Qxd3 e6 23.Kg2 Nb8 24.Bc3 Nc6 25.Ne2 Bb4 26.Bxb4 Nxb4 27.Qd2 Qa5 
28.Nc1 Qb5 29.a3 Nc6 30.Qc3 Qa5 31.Qxa5 Nxa5 32.Kf2 1/2-1/2